R. V. Kelkar`s Criminal Procedure 7th Ed. (Record no. 18847)

MARC details
000 -LEADER
fixed length control field 00401nam a2200157Ia 4500
008 - FIXED-LENGTH DATA ELEMENTS--GENERAL INFORMATION
fixed length control field 221030s9999 xx 000 0 und d
020 ## - INTERNATIONAL STANDARD BOOK NUMBER
ISBN 9789389656183
041 ## - LANGUAGE CODE
Language code of text/sound track or separate title
100 ## - MAIN ENTRY--AUTHOR NAME
Personal name K. N. C. Pillai
245 #0 - TITLE STATEMENT
Title R. V. Kelkar`s Criminal Procedure 7th Ed.
Statement of responsibility, etc by K. N. C. Pillai
250 ## - EDITION STATEMENT
Edition statement 7th
260 ## - PUBLICATION, DISTRIBUTION, ETC. (IMPRINT)
Name of publisher EBC
Place of publication Lucknow
Year of publication 2021
300 ## - PHYSICAL DESCRIPTION
Number of Pages 944
650 ## - SUBJECT ADDED ENTRY--TOPICAL TERM
Topical Term Criminal Procedure
942 ## - ADDED ENTRY ELEMENTS (KOHA)
Koha item type Books
Holdings
Accession Number Cost, normal purchase price Bill Date Source of acquisition Price effective from Koha item type Withdrawn / writtenoff status Materials specified (bound volume or other part) Damaged status Not for loan Permanent Location Current Location Shelving location Date acquired Lost/ Missing status department
LLB 46 995.00 14 RKB 10/30/2022 Books   Print     MIET Library, Jammu MIET Library, Jammu BL-, FL-, CUP-177, SH-4, R-4 04/28/2022   BBA LLB
LLB 41 995.00 14 RKB 10/30/2022 Books   Print   Not For Loan MIET Library, Jammu MIET Library, Jammu BL-, FL-, CUP-180, SH-4, R-4 04/28/2022   BBA LLB
LLB 43 995.00 14 RKB 10/30/2022 Books   Print     MIET Library, Jammu MIET Library, Jammu BL-, FL-, CUP-177, SH-4, R-4 04/28/2022   BBA LLB
LLB 44 995.00 14 RKB 10/30/2022 Books   Print     MIET Library, Jammu MIET Library, Jammu BL-, FL-, CUP-177, SH-4, R-4 04/28/2022   BBA LLB
LLB 45 995.00 14 RKB 10/30/2022 Books   Print     MIET Library, Jammu MIET Library, Jammu BL-, FL-, CUP-177, SH-4, R-4 04/28/2022   BBA LLB